[Event "TUR-chT Clubs"]
[Site "Konya"]
[Date "2019.07.16"]
[Round "1.25"]
[White "Dogan, Eylem Su"]
[Black "Filo, Hatice"]
[Result "1-0"]
[WhiteElo "1285"]
[BlackElo "1087"]
[PlyCount "67"]
[EventDate "2019.07.16"]
[EventType "team-swiss"]
[EventRounds "9"]
[EventCountry "TUR"]
[SourceTitle "CBM 191 Extra"]
[Source "ChessBase"]
[SourceDate "2019.09.30"]
[SourceVersion "1"]
[SourceVersionDate "2019.09.30"]
[SourceQuality "1"]
[WhiteTeam "Nazilli Belediyesi"]
[BlackTeam "Dumlupinar Turk"]
[WhiteTeamCountry "TUR"]
[BlackTeamCountry "TUR"]

1. d4 d5 2. c4 c6 3. Nc3 Nf6 4. Bg5 Nbd7 5. Nf3 e6 6. a3 Be7 7. e3 0-0 8. Bd3 Re8 9. Qc2 h6 10. Bf4 b6 11. h3 Ba6 12. cxd5 Bxd3 13. Qxd3 cxd5 14. Nb5 Rf8 15. g4 Ne4 16. Nd2 Ndf6 17. f3 Nxd2 18. Kxd2 Ne8 19. Rhg1 Nd6 20. Bxd6 Bxd6 21. f4 a6 22. Nxd6 Qxd6 23. g5 h5 24. g6 f6 25. Qe2 Rfc8 26. Qxh5 f5 27. Qh7+ Kf8 28. Qh8+ Ke7 29. Qxg7+ Kd8 30. Rac1 Rcb8 31. Qf6+ Qe7 32. Qxe7+ Kxe7 33. Rc7+ Kd6 34. Rgc1 1-0

[Event "TUR-chT 2nd League"]
[Site "Konya"]
[Date "2018.07.16"]
[Round "1.14"]
[White "Ataer, Melisa"]
[Black "Dogan, Eylem Su"]
[Result "1/2-1/2"]
[WhiteElo "1200"]
[BlackElo "1263"]
[PlyCount "65"]
[EventDate "2018.07.16"]
[EventType "team-swiss"]
[EventRounds "9"]
[EventCountry "TUR"]
[SourceTitle "EXT 2019"]
[Source "ChessBase"]
[SourceDate "2018.10.10"]
[SourceVersion "1"]
[SourceVersionDate "2018.10.10"]
[SourceQuality "1"]
[WhiteTeam "Istanbul Sisli"]
[BlackTeam "Ayidin Nazilli Belediyesi"]
[WhiteTeamCountry "TUR"]
[BlackTeamCountry "TUR"]

1. e4 e6 2. d4 d5 3. e5 Nc6 4. Nf3 f6 5. Bb5 Bd7 6. a3 fxe5 7. dxe5 g6 8. Bxc6 Bxc6 9. Ng5 Qd7 10. Qg4 0-0-0 11. Qxe6 Qxe6 12. Nxe6 Re8 13. Nxf8 Rxf8 14. 0-0 Re8 15. Re1 Nf6 16. f3 Re6 17. Bg5 Nd7 18. f4 h6 19. Bh4 Rf8 20. Bg3 g5 21. fxg5 hxg5 22. Nd2 g4 23. c4 Rfe8 24. Nb3 Nxe5 25. cxd5 Bxd5 26. Nd4 R6e7 27. Nf5 Rf7 28. Nh6 Rfe7 29. Nf5 Rf7 30. Nh6 Rfe7 31. Nf5 Rf7 32. Nh6 Rfe7 33. Nf5 1/2-1/2